000 00339nam a2200133Ia 4500
008 240624s9999 xx 000 0 und d
041 _aeng
082 _a828 VIS
100 _aVISWANATHAN ED
245 _aAMAZING SECRETS OF THE BHAGAVAD GITA
260 _c2019
_aNew Delhi
_bRupa & Company
300 _axi, 299 p.; 23 cm.
365 _cRS
999 _c31917
_d31917